Ecology : theories and applications

Bibliographic Details
Main Author: Stiling, Peter D.
Format: Book
Published: Upper Saddle River, NJ : : Prentice Hall, , c2002.
Edition:4th ed.
Subjects:

MARC

LEADER 00000cam a2200000 7i4500
001 0000003300
005 20050822.0
020 0 0 |a 013091102X 
090 0 0 |a 577   |b STL 
100 1 0 |a Stiling, Peter D. 
245 1 0 |a Ecology :   |b theories and applications   |c Peter Stiling. 
250 0 0 |a 4th ed. 
260 0 0 |a Upper Saddle River, NJ : :   |b Prentice Hall, ,   |c c2002. 
300 |a xii, 403 p. :   |b col. ill., maps ;   |c 29 cm. 
650 0 0 |a Ecology. 
999 |a 0000006244   |b Monograph   |c Open Shelf   |e Default branch